| 000 | 01435nam a2200301Ia 4500 | ||
|---|---|---|---|
| 999 |
_c53825 _d53825 |
||
| 001 | 20876 | ||
| 003 | GE_BSU | ||
| 005 | 20210601180031.0 | ||
| 008 | 181216s2016||||ge |||||||||||||| ||geo|| | ||
| 020 | _a9789941942884 | ||
| 040 | _cGE_BSU | ||
| 041 | _ageo | ||
| 080 | _a347 ს-44 | ||
| 100 |
_aსეხნიაიძე, ბესიკ _911928 |
||
| 245 |
_aნარკვევები ნოტარიატის ისტორიიდან / _cბესიკ სეხნიაიძე, თინათინ სეხნიაიძე ; რედ. ლალი გზირიშვილი. |
||
| 264 |
_aთბილისი : _bიურისტების სამყარო, _c2016. |
||
| 300 |
_a150 გვ. ; _c29 სმ. |
||
| 504 | _aბიბლიოგრაფია გვ. 149 | ||
| 541 | _h16ლ.90თ. | ||
| 653 | _aიურიდიული მეცნიერებანი | ||
| 653 | _aსამოქალაქო სამართალი | ||
| 653 | _aსამართალწარმოება | ||
| 653 | _aნარკვევები ნოტარიატის ისტორიიდან | ||
| 653 | _aსამართალი | ||
| 700 |
_aსეხნიაიძე, თინათინ _eავტორი _911929 |
||
| 700 |
_aგზირიშვილი, ლალი _eრედაქტორი _911930 |
||
| 942 |
_cBK _2udc |
||